| 000 | 00900cam a2200301 4500 | ||
|---|---|---|---|
| 001 | M2038 | ||
| 008 | 090401t1995 xxu||||| |||| 00| 0 eng d | ||
| 035 | _a(Sirsi) u96292 | ||
| 041 | _aeng | ||
| 110 |
_aRoyal Institution of Chartered Surveyors _94900 |
||
| 245 | _aCompensation for compulsory acquisition. | ||
| 260 |
_aLondon _bRICS _c1995 |
||
| 300 | _a43p. ; 30cm. | ||
| 350 | _a5 | ||
| 490 |
_aRICS Memorandum _vPU/REPORT(95)14 |
||
| 520 | _aAlso available to loan (RICS 1995/81) (ISBN 0854067167). | ||
| 650 | _aBLIGHT NOTICES | ||
| 650 | _aCOMPENSATION | ||
| 650 | _aCOMPULSORY ACQUISITION | ||
| 650 |
_aCompulsory purchase _96228 |
||
| 650 | _aDISTURBANCE | ||
| 650 | _aPIPELINES | ||
| 650 | _aREFORM | ||
| 650 | _aSEWERS | ||
| 690 | _aENVIRONMENTAL AND LAND CONSULTANCY-PLANNING AND DEVELOPMENT-COMPULSORY PURCHASE AND COMPENSATION | ||
| 942 | _n0 | ||
| 948 | _c04/03/1997 | ||
| 999 |
_c98618 _d98618 |
||